ਤੇਰੇ ਚਿਟਿਯਾੰ ਦੰਦਾ ਦਾ ਹਾਸਾ.. / (Record no. 47762)

MARC details
000 -LEADER
fixed length control field 01332njm a22003017a 4500
005 - DATE AND TIME OF LATEST TRANSACTION
control field 20100922114049.0
006 - FIXED-LENGTH DATA ELEMENTS--ADDITIONAL MATERIAL CHARACTERISTICS--GENERAL INFORMATION
fixed length control field a|||||r|||||00| 0
007 - PHYSICAL DESCRIPTION FIXED FIELD--GENERAL INFORMATION
fixed length control field sd ammalaaahaa
008 - FIXED-LENGTH DATA ELEMENTS--GENERAL INFORMATION
fixed length control field 100922t xxu||||| |||| 00| 0 pun d
028 ## - PUBLISHER NUMBER
Publisher number N,92990
Source His Master's Voice
035 ## - SYSTEM CONTROL NUMBER
System control number GR-01161
040 ## - CATALOGING SOURCE
Original cataloging agency SED
Transcribing agency SED
100 ## - MAIN ENTRY--PERSONAL NAME
Personal name ਮੋਹਮ੍ਮਦ ਰਫ਼ੀ
9 (RLIN) 21104
245 ## - TITLE STATEMENT
Title ਤੇਰੇ ਚਿਟਿਯਾੰ ਦੰਦਾ ਦਾ ਹਾਸਾ.. /
Statement of responsibility, etc ਮੋਹਮ੍ਮਦ ਰਫ਼ੀ,ਗੀਤ-ਗਿਆਨ ਚੰਦ ਧਵਨ ਸੰਗੀਤ-ਏਮ.ਏਲ.ਸੋਨਿਕ
Medium Medium [Sound recording]
246 ## - VARYING FORM OF TITLE
Title proper/short title Ne hale ve tu wati firen (Mohd. Rafi)
260 ## - PUBLICATION, DISTRIBUTION, ETC. (IMPRINT)
Place of publication, distribution, etc Dum Dum, India
Name of publisher, distributor, etc His Master's Voice
Date of publication, distribution, etc n.d.
300 ## - PHYSICAL DESCRIPTION
Extent 1 Sound disc [Gramophon Recording]
Other physical details analog,33 1/3 rpm
Dimensions 9.5 in. (MP)
Type of unit Gramophon Record
500 ## - GENERAL NOTE
General note Brief record
500 ## - GENERAL NOTE
General note Record labels : His Master's Voice, Red
505 ## - FORMATTED CONTENTS NOTE
Formatted contents note Side-2 ਕਦੇ ਹਾਕ ਨਾ ਚੰਦਰਿਯੋ ਮਾਰੀ ( Kade haak na chandrio mari) (Mohd Rafi)
600 ## - SUBJECT ADDED ENTRY--PERSONAL NAME
9 (RLIN) 21105
650 ## - SUBJECT ADDED ENTRY--TOPICAL TERM
Topical term or geographic name as entry element Punjabi Songs
General subdivision Excerpts
Geographic subdivision India
9 (RLIN) 21106
700 ## - ADDED ENTRY--PERSONAL NAME
9 (RLIN) 21416
Personal name ਗਿਆਨ ਚੰਦ ਧਵਨ
700 ## - ADDED ENTRY--PERSONAL NAME
9 (RLIN) 21549
Personal name ਏਮ.ਏਲ.ਸੋਨਿਕ
700 ## - ADDED ENTRY--PERSONAL NAME
9 (RLIN) 21550
942 ## - ADDED ENTRY ELEMENTS (KOHA)
Source of classification or shelving scheme Dewey Decimal Classification
Item type Gramaphone Records
Holdings
Withdrawn status Lost status Source of classification or shelving scheme Damaged status Not for loan Collection code Home library Current library Date acquired Source of acquisition Total Checkouts Barcode Date last seen Copy number Price effective from Koha item type
    Dewey Decimal Classification     Non-fiction Central Library Central Library 25/09/2010 SED/VEN   GR-01161 25/09/2010 1 25/09/2010 Gramaphone Records

© Delhi Public Library
Hit Counter
free hit counter